Statistiken für Städte Sauerland

Klicken Sie hier um das Quiz zu spielen!

Allgemein

  • Dieses Quiz wurde 96 mal gespielt
  • Das Durchschnittsergebnis liegt bei 5 aus 10

Antwortstatistiken

EinwohnerStadt% Korrekt
73.628Arnsberg
83%
92.666Iserlohn
70%
29.921Meschede
70%
72.611Lüdenscheid
52%
25.417Brilon
51%
52.912Menden
49%
27.802Sundern
37%
25.503Lennestadt
29%
25.318Plettenberg
27%
34.080Hemer
24%

Verteilung der Resultate

Perzentil nach korrekt beantworteten Fragen

Anzahl Personen mit jedem Resultat

Ihre Resultats-Entwicklung

Sie haben dieses Quiz noch nicht gespielt